Discurso leído ante la Academia de Derecho de la Universidad de Oviedo en la sesión inaugural del año de 1884 á 1885 / (Record no. 163739)

MARC details
000 -LEADER
campo de control de longitud fija 00658nam a22001575i 4500
001 - NÚMERO DE CONTROL
campo de control 163739
003 - IDENTIFICADOR DE NÚMERO DE CONTROL
campo de control ES-MaACL
005 - FECHA Y HORA DE LA ÚLTIMA TRANSACCIÓN
campo de control 20230906212812.0
008 - DATOS DE LONGITUD FIJA--INFORMACIÓN GENERAL
campo de control de longitud fija 991022s1884 sp |||| | spa d
040 ## - FUENTE DE CATALOGACIÓN
Centro catalogador/agencia de origen CCPB | B
Lengua de catalogación spa
Centro/agencia transcriptor CCPB | B
100 1# - ENTRADA PRINCIPAL--NOMBRE DE PERSONA
Nombre de persona Rodríguez Arango y Murias, Juan María.
9 (RLIN) 131935
245 10 - MENCIÓN DEL TÍTULO
Título Discurso leído ante la Academia de Derecho de la Universidad de Oviedo en la sesión inaugural del año de 1884 á 1885 /
Mención de responsabilidad, etc. por Juan Mª Rodríguez Arango y Múrias.
260 ## - PUBLICACIÓN, DISTRIBUCIÓN, ETC.
Lugar de publicación, distribución, etc. Oviedo :
Nombre del editor, distribuidor, etc. [s.n.],
Fecha de publicación, distribución, etc. 1884 (
Fabricante imp. y lit. de Vicente Brid)
300 ## - DESCRIPCIÓN FÍSICA
Extensión 28 p. ;
Dimensiones 26 cm.
852 ## - LOCALIZACIÓN
Ubicación ES-MaACL
Número de control de estantería T-388-F-10
Nota libre -- Enc. hol.
-- -- Enc. en un vol. facticio
Holdings
Estatus retirado Estado de pérdida Estado de daño No para préstamo Colección Biblioteca de origen Biblioteca actual Ubicación en estantería Fecha de adquisición Total de préstamos Signatura topográfica completa Código de barras Visto por última vez Precio de reemplazo Tipo de ítem Koha
        Colección de folletos Biblioteca del Ateneo de Madrid Biblioteca del Ateneo de Madrid Depósito folletos 17/01/2008   T-388-F-10 1171592 23/02/2023 23/02/2023 Folleto